000 00553nam a2200217Ia 4500
005 20250923145540.0
008 008 250917s9999 xx 000 0 eng d
037 _aTextual
040 _aDSWL
_beng
_cDSWL
041 _aeng
_2eng
084 _aY22
_qDSWL
100 _aO'Neill, O.
_9836467
245 0 _aHaving children
_c by O. O'Neill
260 _aLondon
_bOxford
_c1979
300 _avi,362 p.
365 _aGBP
_b4.5
700 _a W. Ruddick
_9836468
925 _g4.5
942 _cTEXL
_hY22
999 _c1452720
_d1452720